| 000 | 00681nam a2200205 i 4500 | ||
|---|---|---|---|
| 001 | 28690 | ||
| 003 | ES-MaACL | ||
| 005 | 20260319132717.0 | ||
| 008 | 030117s1918 sp |||| | spa d | ||
| 100 | 1 |
_aBalparda, Gregorio de. _925102 |
|
| 245 | 1 | 0 |
_aErrores del nacionalismo vasco _b: colección de artículos y conferencias / _cpor Gregorio de Balparda. |
| 260 |
_aMadrid : _bJuan Pueyo, _c1918. |
||
| 300 |
_aXXXVIII, 254 p. ; _c25 cm. |
||
| 530 | _aDisponible en formato digital. | ||
| 650 | 4 |
_aNacionalismo- _zPaís Vasco. _915458 |
|
| 852 |
_aES-MaACL _jF-1475 _cDEPO2 |
||
| 856 | 4 |
_uhttp://hdl.handle.net/10357/4596 _yEn linea |
|
| 942 | _2udc | ||
| 999 |
_c28690 _d28690 |
||